The case of the ghostwriter / (Record no. 1107)

MARC details
000 -LEADER
fixed length control field 01205cam a22003133a 4500
005 - DATE AND TIME OF LATEST TRANSACTION
control field 20231123150835.0
020 ## - INTERNATIONAL STANDARD BOOK NUMBER
International Standard Book Number 078073003990
040 ## - CATALOGING SOURCE
Original cataloging agency XCX
Transcribing agency XCX
Modifying agency UPZ
-- DLC
Language of cataloging eng
050 00 - LIBRARY OF CONGRESS CALL NUMBER
Classification number PZ7.P915
082 ## - DEWEY DECIMAL CLASSIFICATION NUMBER
Classification number 511
100 1# - MAIN ENTRY--PERSONAL NAME
Personal name Preller, James
245 14 - TITLE STATEMENT
Title The case of the ghostwriter /
Statement of responsibility, etc. by James Preller ; illustrated by Jamie Smith ; cover illustration by R.W. Alley.
250 ## - EDITION STATEMENT
Edition statement First printing, August 2004
260 ## - PUBLICATION, DISTRIBUTION, ETC.
Place of publication, distribution, etc. New York :
Name of publisher, distributor, etc. Scholastic,
Date of publication, distribution, etc. 2000
300 ## - PHYSICAL DESCRIPTION
Extent 74 pages :
Other physical details illustrations ;
Dimensions 20 cm
490 1# - SERIES STATEMENT
Series statement A Jigsaw Jones mystery ;
Volume/sequential designation Book 10
500 ## - GENERAL NOTE
General note "A Little apple paperback."
505 ## - FORMATTED CONTENTS NOTE
Formatted contents note G <br/>
520 ## - SUMMARY, ETC.
Summary, etc. When Ms. Gleason announces that a surprise author will be visiting the class, but will not reveal the author's name, the class hires detectives Jigsaw and Mila to discover the author's identity and solve the case.
521 ## - TARGET AUDIENCE NOTE
Target audience note 350 <br/>
Source Lexile <br/>
521 ## - TARGET AUDIENCE NOTE
Target audience note G <br/>
Source Raz-Plus <br/>
650 #0 - SUBJECT ADDED ENTRY--TOPICAL TERM
Topical term or geographic name entry element Detective and mystery stories.
655 #7 - INDEX TERM--GENRE/FORM
Genre/form data or focus term Children's stories.
Source of term lcsh
700 1# - ADDED ENTRY--PERSONAL NAME
Personal name Smith, Jamie
Dates associated with a name 1971-
Relator term illustrator
700 1# - ADDED ENTRY--PERSONAL NAME
Personal name Alley, R. W.
Dates associated with a name 1955-
Relator term cover illustrator
906 ## - LOCAL DATA ELEMENT F, LDF (RLIN)
a 7
b cbc
c copycat
d 2
e ncip
f 20
g y-genrareb
942 ## - ADDED ENTRY ELEMENTS (KOHA)
Source of classification or shelving scheme Dewey Decimal Classification
Koha item type Books
Suppress in OPAC No
999 ## -
-- 1107
-- 1107
Holdings
Withdrawn status Lost status Source of classification or shelving scheme Damaged status Not for loan Collection Home library Current library Shelving location Date acquired Total Checkouts Full call number Barcode Date last seen Date last checked out Price effective from Koha item type
    Dewey Decimal Classification     Juvenile Fiction Footprints International School Library Network Toul Kork Campus Footprints International School Library Network Toul Kork Campus   07/31/2023 1 PRE 511 PZ7.P915 FIS00602 03/04/2024 02/26/2024 07/31/2023 Books